Zastosowanie metod programowania dynamicznego przy okreslaniu opymalniego zestawu maszyn. /
Uložené v:
| Hlavný autor: | |
|---|---|
| Médium: | Kniha |
| Jazyk: | Polish |
| Vydané: |
Warszawa :
Państwowe Wyd. Naukowe,
1968.
|
| Vydanie: | 1. wyd. |
| Edícia: | Centrum Obliczeniowe Polskiej Akademii Nauk
|
| ISBN: |
(brož.) |
| Fyzický popis: |
17 s. |
| Tagy: |
Pridať tag
Žiadne tagy, Buďte prvý kto otaguje tento záznam!
|
Titul je dostupný aj v ... 

MARC
| LEADER | 00000nam a22000004a 4500 | ||
|---|---|---|---|
| 001 | 000495421 | ||
| 005 | 20151107155519.0 | ||
| 008 | 151107 1968 pl e pol d | ||
| 020 | |a (brož.) | ||
| 040 | |a SVKKK |b slo |c SVKKK |e AACR2 | ||
| 041 | 0 | |a pol | |
| 044 | |a pl |c PL | ||
| 100 | 1 | |a Sylwestrzak, Janina |4 aut | |
| 245 | 1 | 0 | |a Zastosowanie metod programowania dynamicznego przy okreslaniu opymalniego zestawu maszyn. / |c J. Sylwestrzak. |
| 250 | |a 1. wyd. | ||
| 260 | |a Warszawa : |b Państwowe Wyd. Naukowe, |c 1968. | ||
| 300 | |a 17 s. | ||
| 490 | 1 | |a Centrum Obliczeniowe Polskiej Akademii Nauk | |
| 830 | 0 | |a Centrum Obliczeniowe Polskiej Akademii Nauk | |
| 910 | |a svkkk | ||
| 998 | |a BK | ||
| 090 | |g SCKHL |k Sklad Pribinova 1. posch. |a IV.68891 |j 453199 |i 495421-10 |s Absenčne | ||